Prediktory subjektívnej a psychologickej pohody zamestnaných žien - matiek maloletých detí

Determinanty psychologickej povahy, ktoré by mohli vplývať na aktuálny stav subjektívnej (SWB) a psychologickej pohody (PWB) zamestnaných žien - matiek maloletých detí. Zosúlaďovanie pracovného a rodinného života.

Enregistré dans:
Détails bibliographiques
Auteur principal: Výrost, Jozef
Autres auteurs: Bičejová, Michaela, Očkajová, Martina
Format: Chapitre de livre
Langue:slovaque
Sujets:
Tags: Ajouter un tag
Pas de tags, Soyez le premier à ajouter un tag!

MARC

LEADER 00000naa a2200000 4500
001 0198713
005 20231211074336.6
041 0 |a slo 
044 |a CZ 
245 1 0 |a Prediktory subjektívnej a psychologickej pohody zamestnaných žien - matiek maloletých detí  |c Jozef Výrost, Michaela Bičejová, Martina Očkajová 
520 |a Determinanty psychologickej povahy, ktoré by mohli vplývať na aktuálny stav subjektívnej (SWB) a psychologickej pohody (PWB) zamestnaných žien - matiek maloletých detí. Zosúlaďovanie pracovného a rodinného života. 
610 2 0 |a psychológia 
610 2 0 |a rovnosť rodová 
610 2 0 |a žena a rodina 
610 2 0 |a zamestnanie 
610 2 0 |a starostlivosť o deti 
610 2 0 |a starostlivosť o rodinu 
610 2 0 |a podmienky sociálne 
100 1 |a Výrost, Jozef 
700 1 |a Bičejová, Michaela 
700 1 |a Očkajová, Martina